| 000 | 00367nam a2200157Ia 4500 | ||
|---|---|---|---|
| 008 | 180921t1991 xxu||||| |||| 00| 0 eng d | ||
| 041 | _aeng | ||
| 080 |
_a613.888 _bBAS |
||
| 245 | _aChoosing a contraceptive | ||
| 260 |
_b _c1991 |
||
| 300 | _a36p., 22 cm | ||
| 650 | _aFamily planning | ||
| 942 | _cBK | ||
| 999 |
_c19550 _d19550 |
||
| 003 | LK-CoDNM | ||
| 040 |
_aLK-CoDNM _dLK-CoDNM _eLK-CoDNM |
||